Tilastot visalle Satunnaisia Euroopan valtioiden lippuja

Klikkaa tästä pelataksesi tätä visaa!

Yleistilastot

  • Tätä visaa on pelattu 3 011 kertaa
  • Keskiarvotulos 8 / 10

Vastaustilastot

Vastaus% Oikein
Suomi
98%
Irlanti
97%
Islanti
97%
Norja
97%
Saksa
96%
Tanska
96%
Ukraina
96%
Viro
96%
Kreikka
94%
Ranska
94%
Sveitsi
94%
Espanja
93%
Italia
92%
Ruotsi
91%
San Marino
90%
Vatikaanivaltio
89%
Yhdistynyt kuningaskunta
89%
Itävalta
88%
Puola
88%
Slovakia
88%
Venäjä
88%
Alankomaat
87%
Liettua
87%
Monaco
86%
Tšekki
86%
Belgia
85%
Albania
84%
Unkari
83%
Kosovo
82%
Portugali
82%
Latvia
81%
Andorra
80%
Pohjois-Makedonia
80%
Bosnia ja Hertsegovina
79%
Romania
79%
Slovenia
79%
Bulgaria
78%
Kroatia
78%
Luxemburg
77%
Valko-Venäjä
76%
Malta
74%
Montenegro
73%
Serbia
72%
Moldova
68%
Liechtenstein
61%

Tulosjakauma

Persentiili vastausten määrän mukaan

Jokaisen tuloksen saaneiden osuus

Tuloshistoriasi

Et ole pelannut tätä visaa